000 00451nam a22001697a 4500
003 NUST - PNEC
005 20170116180957.0
008 150912b xxu||||| |||| 00| 0 eng d
020 _a0138898820
040 _cLIBRARY
082 _a658.15 HOR
100 _99335
_a Van Horne, James C
245 _aFundamentals of financial management
_cJames C,Van Horne
250 _a10th ed
650 _99338
_aCorporations--Finance
_xMIS/ME
942 _2ddc
_cBK
999 _c66590
_d66590